A world-view of physics (Record no. 17008)
[ view plain ]
| 000 -LEADER | |
|---|---|
| fixed length control field | 00249nam a22001097a 4500 |
| 008 - FIXED-LENGTH DATA ELEMENTS--GENERAL INFORMATION | |
| fixed length control field | 140219t xxu||||| |||| 00| 0 eng d |
| 020 ## - INTERNATIONAL STANDARD BOOK NUMBER | |
| International Standard Book Number | 81-7003-229-6 |
| 100 ## - MAIN ENTRY--PERSONAL NAME | |
| Personal name | A W Joshi |
| 9 (RLIN) | 751 |
| 245 ## - TITLE STATEMENT | |
| Title | A world-view of physics |
| 300 ## - PHYSICAL DESCRIPTION | |
| Extent | 435 |
| 942 ## - ADDED ENTRY ELEMENTS (KOHA) | |
| Source of classification or shelving scheme | |
| Koha item type | Book |
| Withdrawn status | Lost status | Source of classification or shelving scheme | Damaged status | Not for loan | Collection code | Permanent Location | Current Location | Date acquired | Total Checkouts | Full call number | Barcode | Date last seen | Price effective from | Koha item type |
|---|---|---|---|---|---|---|---|---|---|---|---|---|---|---|
| Atta-ur-Rahman School of Applied Biosciences (ASAB) | Atta-ur-Rahman School of Applied Biosciences (ASAB) | 02/19/2014 | 530.1 JOS | ASAB1554 | 02/19/2014 | 02/19/2014 | Book |
